| 000 | 00572nam a2200145Ia 4500 | ||
|---|---|---|---|
| 008 | 250506s9999 xx 000 0 und d | ||
| 024 | _a08B-48-EE, 08B-20-EE, 08B-01-EE & 08B-02-EE | ||
| 082 | _a621.83072 MUH | ||
| 100 | _aMuhammad Arqam, Talha Nayyar, Masroor Afzal & Furqan Majeed | ||
| 245 | 0 | _aWireless Robot Controlled by Touch screen | |
| 260 |
_aKarachi: _bUIT, _c2008 |
||
| 600 | _aElectronic Engineering | ||
| 650 | _aBachelor of Engineering (BE) | ||
| 856 |
_uhttps://drive.google.com/file/d/175F2sMn5TO5BDYbq_O0o_7h_Tt4yT6EL/view?usp=sharing _yClick here for PDF |
||
| 999 |
_c27967 _d27967 |
||